Normal view
MARC view
Entry Personal Name
001 - CONTROL NUMBER
- control field: 29664
003 - CONTROL NUMBER IDENTIFIER
- control field: MY-SjTCS
005 - DATE AND TIME OF LATEST TRANSACTION
- control field: 20191205122628.0
008 - FIXED-LENGTH DATA ELEMENTS
- fixed length control field: 080628 n a|n||abb| n a|a d
039 #9 -
- : 201303051116
- : wilmina
- : 200806280953
- : Irma
040 ## - CATALOGING SOURCE
- Original cataloging agency: MY-SjTCS
- Transcribing agency: MY-SjTCS
100 1# - HEADING--PERSONAL NAME
- Personal name: Barnard, C. J.
- Fuller form of name: (Christopher J.)
400 1# - SEE FROM TRACING--PERSONAL NAME
- Personal name: Barnard, Christopher
400 1# - SEE FROM TRACING--PERSONAL NAME
- Personal name: Barnard, Chris
999 ## -
- : VIRTUA40 x
999 ## -
- : VTLSSORT0080*1000*4000*4001*9991